[Event "Amsterdam NH Hotels 5th"]
[Site "Amsterdam"]
[Date "2010.08.13"]
[Round "2"]
[White "Van Wely, Loek"]
[Black "Nakamura, Hikaru"]
[Result "1/2-1/2"]
[WhiteElo "2677"]
[BlackElo "2729"]
[Annotator "Ftacnik,L"]
[PlyCount "142"]
[EventDate "2010.08.12"]
[EventType "schev"]
[EventRounds "10"]
[EventCountry "NED"]
[SourceTitle "CBM 138"]
[Source "ChessBase"]
[SourceDate "2010.09.17"]
[SourceVersion "1"]
[SourceVersionDate "2010.09.17"]
[SourceQuality "1"]

1. d4 Nf6 2. c4 e6 3. Nc3 Bb4 4. Qc2 O-O 5. a3 Bxc3+ 6. Qxc3 d6 7. Nf3 Nbd7 8.
e3 b6 9. Be2 Bb7 10. O-O c5 11. b4 Ne4 12. Qc2 {The queen retreat to c2 seems
good enough, but it suffers from potential opposition along the c- file. White
players have been putting more trust in the move 12.Qb3.} (12. Qb3 Qc7 (12...
Rb8 13. Bb2 d5 (13... Qe7 14. Rfd1 d5 15. Nd2 dxc4 16. Qxc4 Nd6 17. Qd3 cxd4
18. Qxd4 e5 19. Qd3 Rfd8 20. e4 Nf8 21. Qe3 f6 22. f3 {1-0 Smyslov,V (2560)
-Arnason,J (2550)/Haninge 1989 (57)}) 14. Rad1 Qe7 15. Qa4 cxb4 16. cxd5 Bxd5
17. axb4 Rfc8 18. b5 Rb7 19. Rc1 Rbc7 20. Rxc7 Rxc7 21. Ra1 h6 22. Bf1 Qd8 23.
Qd1 Qc8 24. Rc1 Rxc1 25. Qxc1 Qxc1 26. Bxc1 $14 {1-0 Korotylev,A (2615)-Hou,Y 
(2509)/Moscow 2007/ (43)}) (12... Rc8 13. Rd1 Qe7 14. Bb2 Rfd8 15. bxc5 dxc5
16. a4 Ng5 17. Ne1 cxd4 18. exd4 a5 19. Qe3 Ne4 20. Ba3 Qe8 21. Nf3 Nef6 22.
Bb2 $16 {1-0 Belov,V (2596)-Zhigalko,S (2485)/Hengelo 2005 (39)}) 13. Nd2 Nxd2
14. Bxd2 d5 15. Rac1 dxc4 16. Qxc4 Rfc8 17. dxc5 bxc5 18. Bc3 Nb6 19. Qg4 f5
20. Qg5 cxb4 21. Bd4 Qd7 22. axb4 Nd5 23. b5 $16 {1-0 Sokolov,I (2695)
-Hjartarson,J (2640)/Germany 2004 (35)}) 12... cxd4 13. exd4 Rc8 14. Rd1 (14.
Nd2 f5 15. Nxe4 fxe4 16. Be3 Qe7 17. Qd2 h6 18. a4 d5 19. c5 (19. cxd5 Bxd5 20.
Rfc1 Bb7 21. a5 Nf6 $14) 19... bxc5 20. bxc5 e5 21. Rfb1 Ba8 22. Ra3 $14 {
0-1 Lukov,V (2380)-Spassov,L (2430)/Albacete 1994 (59)}) 14... f5 15. Qb3 Ndf6
16. Ng5 $1 {A perfect spanner in the works as Black mounts a kingside attack.
The exchange of the pair of knights will enhance the power of White's bishops.}
Qe8 (16... Nxg5 17. Bxg5 h6 18. Bf4 Qe7 19. f3 $14) 17. Nxe4 Nxe4 (17... fxe4
18. Qg3 d5 19. c5 $16) 18. f3 Nf6 19. a4 {In the old days players would have
trusted the natural centralisation of the bishop 19.Be3!?} (19. Be3 $5 Rf7 20.
Rac1 $14) 19... Rf7 (19... e5 20. dxe5 Qxe5 (20... dxe5 21. c5+ Kh8 22. cxb6
axb6 23. Be3 $16) 21. Ra2 Rfe8 22. Rc2 $16) 20. Ba3 e5 $6 {The opening of the
centre might be desirable for Black's pieces, but it actually helps the enemy
bishops even more.} (20... Re7 21. Bf1 $14) 21. dxe5 Qxe5 22. Bf1 d5 23. Bb2
Qe6 (23... Qd6 24. Rac1 Re7 25. c5 $16) 24. Rac1 Rfc7 25. c5 $1 {[%mdl 2048]
This fine move avoids full symmetry on the board and keeps both bishops very
powerful.} bxc5 26. Rxc5 (26. bxc5 Nd7 27. Bd4 Qf7 28. Rb1 $16) 26... Rxc5 27.
bxc5 Bc6 28. Ba6 Re8 29. Bb5 $1 Rb8 (29... Bxb5 30. axb5 $16) 30. Qd3 a6 {
Nakamura can be devilishly dangerous in tactics, but in defence even the lion
seems to be much lesser animal.} (30... Kf7 31. Bc3 a6 32. Bxc6 Qxc6 33. Bxf6
Kxf6 34. Qxd5 $16) 31. Bxc6 Rxb2 32. Bxd5 Nxd5 33. Qxd5 Qxd5 34. Rxd5 Rb4 $6 {
The choice of the critical moment was extremely difficult, but this move loses
quite positively.} (34... Rc2 35. Rxf5 Ra2 36. Kf1 Rxa4 37. Ke2 $16) 35. Rd8+
Kf7 36. Rd7+ Kf6 37. Rd6+ Ke5 38. Rxa6 Rc4 39. Ra7 Kf6 40. Ra5 h5 41. Ra6+ (41.
Kf2 Rc2+ 42. Kg3 g5 43. Rb5 h4+ 44. Kh3 Rc3 45. a5 g4+ 46. Kxh4 gxf3 47. gxf3
Rxf3 48. c6 Rf4+ 49. Kh3 Rc4 50. Rb8 Kg5 (50... Rxc6 51. Rb6 $18) 51. a6 $18)
41... Ke5 42. Rg6 (42. c6 g5 43. Kf1 Kd6 44. h3 h4 $16) 42... Rxc5 43. Rxg7 Rc4
44. a5 Ra4 45. h4 $2 {Van Wely must have been very unhappy about this reckless
move in a completely winning position.} (45. Rh7 Kf4 46. h3 Kg5 47. Ra7 $18) (
45. h3 Kf4 46. Kh2 h4 (46... Rxa5 47. h4 $18) 47. Ra7 $18) 45... Rxh4 $1 46. a6
Ra4 47. a7 Kf4 48. Kh2 Ra2 49. Rb7 Ra6 50. Kh3 h4 $6 {The h4 square is somehow
cursed in this endgame for both players. Much better was to lock white king in
on the h-file with 50..Ra1!} (50... Ra1 $1 51. Rb4+ (51. Kh2) 51... Ke3 52. Kh4
Rxa7 53. Kxh5 f4 $14) 51. Rh7 Kg5 52. g3 $6 {The poor Dutchman must have been
pretty depressed by the spoiled position. He could still have put lot of
problems on Nakamura's plate with the 52.f4!? idea, even though it is probably
not winning.} (52. f4+ $5 Kxf4 53. Kxh4 Ra2 (53... Ra4 54. Rb7 Ke5+ 55. Kg5
Rg4+ 56. Kh6 Ra4 57. Kg6 $18) 54. g3+ Kf3 55. Rf7 Ke4 56. Kg5 Ra5 57. Kg6 Ra6+
58. Kg7 Ra5 $16) 52... hxg3 53. Kxg3 Ra2 54. Rg7+ Kf6 55. Rb7 Kg5 56. f4+ (56.
Rf7 Kg6 57. Rb7 Kg5 $11) 56... Kh5 57. Rg7 Kh6 58. Rf7 Kg6 59. Re7 Kh5 $1 {
Black will always be ready to lash out with counterplay against the f4-pawn.}
60. Rh7+ Kg6 61. Rc7 Kh5 62. Kf3 (62. Rb7 Ra3+ 63. Kf2 Kg4 $11) 62... Ra3+ 63.
Ke2 Kg4 $11 64. Kd2 Kxf4 {Many rook endgames are drawn, but rarely with one
party playing two pawns down!} 65. Kc2 Ke5 66. Kb2 Ra6 67. Kc3 Kd6 68. Rf7 Kc5
69. Rxf5+ Kb6 70. Rf6+ Kxa7 71. Rxa6+ Kxa6 1/2-1/2

[Event "Amsterdam NH Hotels 5th"]
[Site "Amsterdam"]
[Date "2010.08.18"]
[Round "6"]
[White "Ljubojevic, Ljubomir"]
[Black "Nakamura, Hikaru"]
[Result "0-1"]
[WhiteElo "2572"]
[BlackElo "2729"]
[Annotator "Krasenkow,M"]
[PlyCount "126"]
[EventDate "2010.08.12"]
[EventType "schev"]
[EventRounds "10"]
[EventCountry "NED"]
[SourceTitle "CBM 138"]
[Source "ChessBase"]
[SourceDate "2010.09.17"]
[SourceVersion "1"]
[SourceVersionDate "2010.09.17"]
[SourceQuality "1"]

1. Nf3 d5 2. d4 Nf6 3. c4 e6 4. Nc3 c6 5. e3 Nbd7 6. Bd3 dxc4 7. Bxc4 b5 8. Bd3
Bb7 9. e4 b4 10. Na4 c5 11. e5 Nd5 12. dxc5 Bxc5 13. Nxc5 Nxc5 14. Bb5+ Ke7 15.
Qd4 {An old, well-forgotten line. Black's king is uncastled but he has a
strongly centralised position.} Qb6 (15... Rc8 $6 16. O-O Qb6 17. Bc4 Nd7 18.
Qh4+ f6 19. Bd2 a5 20. Rfe1 h5 21. b3 Kf7 22. exf6 gxf6 23. Re4 $16 {1-0
Piesina,G-Kaidanov,G/Norilsk 1987/EXT 1997 (98)}) 16. Bc4 (16. Qh4+ Kf8 (16...
f6 17. Bc4 Ba6 18. O-O Bxc4 19. Qxc4 f5 {1/2 Araya,R (2275)-Donoso Velasco,P 
(2370)/Santiago de Chile 1991/EXT 2003 (23)} 20. Nd4 $36) 17. Bc4 Ne7 18. Qf4
Ng6 19. Qe3 {1-0 Titov,G (2380)-Dautov,R (2380)/Minsk 1986/EXT 2003 (40)} Rd8
$132) (16. Be2 $5 h6 $1 17. O-O (17. Nd2 $2 Nd7 18. Qxb6 axb6 19. Nc4 b3 20. a3
Ra4 21. Bd2 Ba6 $17 {1/2 Razuvaev,Y (2535)-Kaidanov,G (2535)/Moscow 1988/CBM
009 (25)}) 17... Rad8 (17... Rhd8 $5 {Barbero}) 18. Bd2 g5 $5 19. Rfc1 (19. Qg4
$5) 19... Nc3 $2 (19... Nf4 20. Qxc5+ Qxc5 21. Rxc5 Nxe2+ 22. Kf1 Bxf3 23. Bxb4
$1 Bh5 $1 24. g4 $1 Bxg4 25. Rc4+ Ke8 26. Rxg4 Nf4 {Barbero} 27. Rc1 $14) 20.
Bxc3 Rxd4 21. Bxd4 Rc8 22. Nd2 $16 {1-0 Barbero,G (2305)-Bryson,D (2295)/Dubai
1986/TD (51)}) 16... Rac8 (16... Nd7 $6 17. Qh4+ $1 $16 {Ivkov} (17. Qg4 $143
h6 $1 18. O-O a5 19. Bd2 Rhc8 {0-1 Polugaevsky,L-Panno,O/Palma de Mallorca
1972/EXT 1998 (48)} 20. Rac1 $14)) (16... h6 $5 17. Bxd5 $5 (17. O-O Rhd8 18.
Bd2 a5 19. Qh4+ Kf8 20. Rfd1 Ne7 21. Be3 {1-0 Vaganian,R (2605)-Mueller,K 
(2558)/Germany 1999/GER-chT (32)} Bxf3 22. gxf3 Qc7 $15) 17... Bxd5 18. Be3
Rhc8 $1 (18... Rac8 19. Rc1 Na6 20. O-O Qxd4 21. Nxd4 $14 {1/2 Baikov,V (2412)
-Shabanov,Y (2477)/Moscow 2000/EXT 2001 (37)}) 19. O-O (19. Rc1 Nd7 $17) 19...
Kf8 $11) 17. Bg5+ (17. O-O h6 $1) 17... Ke8 (17... f6 18. Bd2 $14 {- the black
king is now more exposed.}) 18. O-O Ne7 19. Rfd1 Bxf3 20. gxf3 h6 21. Be3 Nf5
22. Qd2 Nxe3 23. Qxe3 Nd7 $11 24. Qxb6 $6 {Black's king is uncastled so this
decision is illogical. In the endgame White must fight for a draw due to his
poor pawn structure.} (24. Qe2 $142 Ke7 25. f4 Rhd8 26. Rd6 Qc5 27. Bb3 Nb6 28.
f5 $13) 24... Nxb6 25. Ba6 Rd8 26. Rac1 (26. Rxd8+ $142 Kxd8 27. Rc1 $132)
26... Rxd1+ 27. Rxd1 {[%mdl 4096]} Ke7 28. Rd4 Nd5 29. Bb7 $2 (29. f4 $142 f6
30. Bc4 {and White should not lose.}) 29... a5 $1 30. Bxd5 $6 {The rook
endgame is clearly favorable for Black.} (30. f4 $142 {although the bishop is
not placed well on b7.}) 30... Rd8 $1 31. Rc4 (31. f4 exd5 {[%cal Re7e6]} 32.
f5 g6 $1 $17) 31... Rxd5 (31... exd5 $143 32. Rc5 $132 d4 $140 33. Kf1) 32.
Rc7+ Ke8 33. f4 g5 $1 (33... Rd1+ 34. Kg2 Ra1 35. a3 bxa3 36. bxa3 Rxa3 37. Ra7
g6 $17 {is less convincing. Such rook endings (3 vs 3 or 4 vs 4 and an outside
extra pawn, with the defender's rook behind it) have considerable drawish
tendencies.}) 34. fxg5 hxg5 35. a3 bxa3 36. bxa3 Rxe5 {Black has won a pawn
and now consequently converts his advantage using a standard plan: his rook
protects all his pawns (e.g. from f5), and his king goes forward.} 37. Kg2 Rd5
38. h3 Kf8 39. Rc4 Ke7 40. h4 {This only helps Black.} gxh4 41. Rxh4 Kd6 42.
Kf1 Kc5 43. Ke2 Rd4 44. Rh7 Re4+ 45. Kd3 Rf4 46. Ke3 e5 47. Rh8 Kb5 48. Rc8 f6
49. Rc3 Rc4 50. Rb3+ Kc5 51. Kd2 Rd4+ 52. Ke2 f5 53. Rb8 Ra4 54. Rc8+ Kd5 55.
Rc3 Re4+ 56. Kd2 Rc4 57. Rh3 Rf4 58. Ke2 Kc4 59. Rg3 a4 60. f3 Kb3 61. Rg8 Kxa3
62. Ke3 Rb4 63. Re8 e4 0-1

[Event "Olympiad-39"]
[Site "Khanty-Mansiysk"]
[Date "2010.09.27"]
[Round "6.1"]
[White "Le, Quang Liem"]
[Black "Nakamura, Hikaru"]
[Result "0-1"]
[WhiteElo "2694"]
[BlackElo "2733"]
[Annotator "Krasenkow,M"]
[PlyCount "128"]
[EventDate "2010.09.21"]
[EventType "team-swiss"]
[EventRounds "11"]
[EventCountry "RUS"]
[SourceTitle "CBM 139"]
[Source "ChessBase"]
[SourceDate "2010.11.18"]
[SourceVersion "1"]
[SourceVersionDate "2010.11.18"]
[SourceQuality "1"]
[WhiteTeam "Vietnam"]
[BlackTeam "US of America"]
[WhiteTeamCountry "VIE"]
[BlackTeamCountry "USA"]

1. d4 Nf6 2. c4 e6 3. Nf3 b6 4. g3 Bb7 5. Bg2 Be7 6. O-O O-O 7. Re1 c5 {
This line is not so popular as it leads to the Modern Benoni structure, not
always suitable for QI adherents. However, it is quite playable.} 8. d5 $1 exd5
9. Nh4 Ne4 10. cxd5 Bxh4 11. Bxe4 Bf6 12. Nc3 (12. Qc2 {is an alternative,
played by Mamedyarov, Bacrot etc.}) 12... d6 13. Bg2 {This modest move can be
followed by two different plans: Bc1-f4, Nc3-e4, attacking the d6-pawn, or
e2-e4, f2-f4. Otherwise White must make his choice now:} (13. Bf4 Qe7 (13...
Qd7 $6 14. Qc2 g6 15. Bg2 Na6 $2 16. Ne4 Be7 17. Bh6 Rfe8 18. Qc3 $18 {1-0
Socko,B (2656)-Abasov,N (2505)/Warsaw 2009/CBM 132 (30)}) (13... Bg5 14. Bxg5
Qxg5 15. Qc2 Qh6 16. Bg2 Nd7 17. e4 a6 18. Nd1 b5 19. f4 c4 20. Ne3 $36 {
1-0 Wojtkiewicz,A (2550)-Grabarczyk,M (2505)/Brzeg Dolny 1996/CBM 053 (47)}) (
13... a6 14. Qc2 (14. a4 Qe7) 14... g6 (14... h6 $142) 15. Bg2 Be7 16. e4 Bf6
17. Rad1 Re8 18. a4 Be5 19. Bxe5 dxe5 20. f4 $14 {1/2 Kunte,A (2551)
-Sethuraman,S (2223)/Hyderabad 2006/CBM 111 ext (49)}) 14. Bf5 (14. Qc2 h6)
14... Bc8 15. e4 Nd7 16. a4 g6 17. Bxd7 Bxd7 18. Qb3 g5 19. Bd2 a6 20. Qxb6
Rfb8 21. Qc7 Rxb2 22. e5 Bxe5 23. Ne4 Rc8 {1/2 Babula,V (2584)-Ivanchuk,V 
(2739)/Warsaw 2005/CBM 108}) (13. Qc2 h6 $5 (13... g6 14. Bg2 Bg7 15. Ne4 Na6
16. Bg5 f6 17. Bf4 Nb4 18. Qd2 g5 19. Bxd6 Re8 20. Bxc5 bxc5 21. Nxc5 Bxd5 22.
Qxb4 $18 {1-0 Akopian,V (2660)-Kotsur,P (2587)/Dubai 2000/EXT 2001 (50)}) 14.
Bf4 Qe7 15. Rad1 Nd7 16. Bg2 {- see game}) 13... Nd7 (13... Re8 $5 14. Ne4 Be7
15. h4 Na6 16. Nc3 Nc7 17. Qb3 Bf6 18. a4 Rb8 19. Nb5 Nxb5 20. axb5 Ra8 21. e4
a5 {1/2 Zaja,I (2449)-Lenic,L (2575)/Sibenik 2009/CBM 132 Extra}) (13... a6 $5
14. a4 Nd7) 14. Bf4 (14. e4 a6 15. a4 Re8 16. Be3 c4 17. Bd4 Nc5 18. Bxf6 Qxf6
19. Bf1 {1/2 Yevseev,D (2520)-Fedoseev,V (2428)/St Petersburg 2010/CBM 137 (31)
} Nb3 $1 20. Rb1 Nd4 21. Bg2 b5 $132) (14. Ne4 Be7 15. a4 a6 16. Bf4 Qc7 17.
Rc1 h6 18. b4 f5 19. bxc5 bxc5 20. Nc3 g5 21. Bd2 Ne5 $13 {1/2 Krivoshey,S 
(2483)-Neverov,V (2562)/Kiev 2001/EXT 2002 (56)}) 14... Qe7 15. Qc2 h6 ({
Of course, not} 15... g6 16. Ne4 Be5 17. Bg5 {Generally, as you have seen, ...
h7-h6 is safer in this line than ...g7-g6.}) 16. Rad1 a6 17. a4 Rab8 (17...
Rfe8 18. Ne4 Be5 19. Bxe5 Nxe5 20. Nc3 b5 $5 (20... Bc8 21. f4 Nc4 22. e4 Bg4
23. Rc1 $14 {[%cal Yb2b3]}) 21. axb5 axb5 22. Nxb5 Ba6 23. Nc3 Rab8 24. Ra1 (
24. b3 $5) 24... Bc4 25. Ra3 Qb7 26. Ne4 Bb3 27. Qc3 Nc4 28. Raa1 f5 29. Nd2
$14 {1-0 Matlakov,M (2575)-Durarbeyli,V (2456)/Kemer 2009/EXT 2010 (66) -
Black failed to prove his compensation for the sacrificed pawn.}) 18. Ne4 (18.
Bc1 b5 $5 19. axb5 axb5 20. Nxb5 Bxd5 21. Rxd5 (21. Bxd5 $5 Rxb5 22. b3) 21...
Rxb5 22. Red1 Rb6 $13 {1/2 Gasanov,E (2551)-Kravtsiv,M (2511)/Alushta 2009/CBM
130 Extra (56)}) 18... Be5 19. Bxe5 Nxe5 20. f4 Nd7 21. Nf2 (21. Nc3 $5 Qe3+
22. Kh1 {[%cal Yd1d3,Ye2e4]} c4 $2 23. Ne4) 21... b5 22. e4 c4 {Black has
obtained some counterplay but White keeps an edge and is preparing e4-e5.} 23.
Qc3 Rfe8 24. e5 $6 {Probably too early.} (24. axb5 axb5 25. Qb4 Nc5 26. e5 $36)
24... dxe5 25. fxe5 Qc5 $1 26. axb5 (26. e6 $5) 26... axb5 27. e6 Nf6 $1 28.
Qe5 (28. Re5 b4 $36) 28... fxe6 29. dxe6 Qxe5 30. Rxe5 Bxg2 31. Kxg2 Rb6 (31...
Kf8 $5 32. Rd6 Ke7 33. Ra6 Rb7 $15) 32. Rde1 Kf8 33. h4 $6 (33. e7+ $142 Kf7
34. Ne4 b4 35. Rb5 $1 (35. Nxf6 $143 gxf6 36. Rc5 c3 $1 37. bxc3 b3 $15) 35...
Re6 36. Nxf6 Rxe1 37. Nxe8 Kxe8 38. Rxb4 $11) 33... Rc8 (33... Ke7 $5 $15) 34.
Nh3 $6 (34. Ne4 $142) 34... b4 $1 35. Nf4 c3 36. bxc3 bxc3 37. Rc1 c2 (37...
Rb2+ $142 38. Kf3 c2 {[%cal Yb2b3,Yb3c3]}) 38. Re2 Rbc6 39. e7+ Ke8 (39... Kf7
40. Nd3 R6c7 41. Nb4 $11) 40. Ne6 (40. Nd3 $6 {doesn't work now due to} Nd5)
40... Nh5 41. Nd4 Rg6 42. Re3 $2 {Black now keeps his c2-pawn, which
eventually brings him a victory.} (42. Rexc2 {was quite enough for a draw:}
Rxc2+ 43. Rxc2 Nxg3 (43... Rxg3+ 44. Kh2 $1 {[%cal Rd4f5]} g6 45. Nc6 $1 Re3
46. Rf2 Kd7 47. Rf8 Ng7 48. Rg8 $11) 44. Kf3 $1 Kxe7 45. Rg2 Rd6 $1 $11) 42...
Rd6 $1 43. Nf3 $2 (43. Rf3 $142 $1 {but after} Rc4 $1 44. Nxc2 Rd2+ 45. Rf2
Rxf2+ 46. Kxf2 g6 {it is unclear whether White can make a draw despite his
extra pawn - the consequence of the pin on the c-file.}) 43... Rd1 44. Re1 Rxc1
45. Rxc1 {[%mdl 4096]} Nf6 46. Nd4 Nd5 47. Nf5 Rc3 $1 48. Nxg7+ Kxe7 49. Nf5+
Kf6 50. Nd4 (50. Nxh6 Nb4 $19) 50... Nb4 {[%cal Rb4d3]} 51. Kh3 Ke5 52. Nxc2 (
52. Ne2 Rd3 $19 {[%cal Ye5e4,Ye4e3]}) 52... Nxc2 (52... Rxc2 $2 53. Rxc2 Nxc2
54. Kg4 Kf6 55. Kh5 Kg7 56. g4 $11) 53. Rb1 Ne3 54. Rb5+ Ke4 55. Rb4+ Kf3 56.
Rf4+ Ke2 57. h5 (57. Rf6 Rc1 58. g4 Rh1+ 59. Kg3 Rg1+ 60. Kh3 Nxg4 $19) 57...
Rc1 58. Kh2 Rc4 $1 59. Rf8 Rc5 60. g4 Nxg4+ 61. Kg3 Ne3 62. Kh4 Rg5 63. Rf6
Nf5+ 64. Kh3 Kf3 0-1

[Event "Cap d'Agde CCAS Gp-A"]
[Site "Cap d'Agde"]
[Date "2010.10.23"]
[Round "1"]
[White "Nakamura, Hikaru"]
[Black "Edouard, Romain"]
[Result "1-0"]
[WhiteElo "2733"]
[BlackElo "2636"]
[Annotator "Edouard,R"]
[PlyCount "103"]
[EventDate "2010.10.23"]
[EventType "tourn (rapid)"]
[EventRounds "7"]
[EventCountry "FRA"]
[EventCategory "15"]
[SourceTitle "EXT 2011"]
[Source "ChessBase"]
[SourceDate "2010.11.26"]
[SourceVersion "1"]
[SourceVersionDate "2010.11.26"]
[SourceQuality "1"]

{There are more peaceful ways to start than playing against Nakamura with the
black pieces, but ok, I had to deal with it.} 1. e4 c5 2. Nf3 d6 3. d4 cxd4 4.
Nxd4 Nf6 5. Nc3 Nc6 6. Bc4 Qb6 7. Nb3 e6 8. Bf4 Ne5 9. Be2 Bd7 10. Qd2 Be7 11.
f3 O-O 12. g4 Qc7 13. O-O-O Rfd8 14. g5 Nh5 15. Be3 Nc4 16. Bxc4 Qxc4 17. Ne2
a5 18. Kb1 a4 19. Nbc1 {#At this moment my position ought to be fine for sure.
Nevertheless, I had already spent a few minutes, while my opponent still had
his initial 25 minutes on the clock. Sometimes I felt like pressing the clock
again and saying, "Come on, use your time, this isn't bullet here!". Still it
is awesome to face such a confident player, especially when you know that it
took him just a few seconds to see all the things for which you needed minutes!
} Be8 $1 {The best move, I believe.} (19... d5 $6 20. Ng3 $1 (20. exd5 Bc6 {
is just better for Black.}) 20... g6 21. Nxh5 gxh5 22. Nd3 {seems to be much
better for White.}) 20. Ng3 f6 21. Rhg1 $6 {A dubious move, but played so fast
that I would consider it interesting!} d5 (21... Nxg3 $5 22. Rxg3 d5 {deserves
attention, as I don't have my bishop misplaced on h5, as in the game. Black
may already be clearly better (even winning according to the engine).}) 22.
gxf6 {#This is already less clear.} Bxf6 $2 ({Of course} 22... dxe4 $1 {
was critical:} 23. fxe7 (23. Nxh5 Rxd2 24. Rxg7+ Kh8 {followed by} 25. Z0 Bf8 {
just wins for Black.}) 23... Rxd2 24. Rxd2 Nxg3 25. Rxg3 Ra5 $1 {and Black
should be better.}) 23. e5 $1 {#I overlooked how strong this was. To be honest,
I had seen 22...dxe4 earlier, but the sudden speed stunned me so much that I
just forgot about it!} Bxe5 (23... Be7 {is given equal by the computer, but
somehow I just don't trust it.}) 24. Nxh5 Bxh5 25. Rg5 Bxf3 26. Rxe5 Bxd1 27.
Qxd1 d4 28. Bd2 {#} d3 $2 {A hallucination! Some normal moves would have kept
some chances, though White is now better. I was starting to lack time and
while playing ...d3 I thought I could play 29...Rxd3 30.Nxd3 Qxd3+ followed by
...Rd8/...a3, but I overlooked that my opponent could cover the check with 31.
Qc2!!} 29. cxd3 (29. Nxd3 {also just wins.}) 29... Qc7 30. Bc3 {Now white is
just winning. The rest is a matter for technique, especially for Hikaru.
Strangely, now that I was totally lost, he began using some of his time (ok,
maybe some 3 minutes). I was wondering if he knew that I would comment the
game and was afraid of my remarks if he humiliated me too much :-)} a3 31. Qg4
axb2 32. Qxe6+ Qf7 33. Qxf7+ Kxf7 34. Kxb2 Ra4 35. Rb5 Rd7 36. d4 Ra6 37. Nd3
Re7 38. Ne5+ Ke8 39. Rc5 Ree6 40. Rc8+ Ke7 41. Rc7+ Kd8 42. Rxg7 Reb6+ 43. Ka1
Rf6 44. Rg2 Rab6 45. Rg1 Ke7 46. Re1 Rb5 47. d5 Ra6 48. Ng4+ Kd6 49. Nf6 Kc5
50. Rc1 Kc4 51. d6 Ra8 52. d7 {After the game Hikaru told me about the several
possibilities I had that would allow me to reach an unclear or even better
position early on. It was funny because I had the feeling that he was making a
summary of all the good positions he would also have killed me in!} 1-0

[Event "Oslo BNbank KO"]
[Site "Oslo"]
[Date "2010.11.27"]
[Round "2.1"]
[White "Agdestein, Simen"]
[Black "Nakamura, Hikaru"]
[Result "1-0"]
[WhiteElo "2570"]
[BlackElo "2741"]
[PlyCount "42"]
[EventDate "2010.11.27"]
[EventType "k.o. (blitz)"]
[EventRounds "2"]
[EventCountry "NOR"]
[SourceTitle "CBM 139 Extra"]
[Source "ChessBase"]
[SourceDate "2011.01.05"]
[SourceVersion "1"]
[SourceVersionDate "2011.01.05"]
[SourceQuality "1"]

1. c4 f5 2. Nc3 Nf6 3. Nf3 d6 4. d4 g6 5. g3 Bg7 6. Bg2 O-O 7. O-O c6 8. d5 e5
9. dxe6 Bxe6 10. b3 Ne4 11. Nxe4 fxe4 12. Nd4 Bf7 13. Rb1 Re8 14. Bb2 Nd7 15.
Nc2 Nf6 16. Ne3 a5 17. a4 Qe7 18. Qd2 Red8 19. Rfd1 d5 20. cxd5 Bxd5 21. Nxd5
Nxd5 1-0